000 00523nam a2200181Ia 4500
008 190427s9999 xx 000 0 und d
100 _aKnight, Chris
245 _aUnderstanding the allure and pitfulls of chomsky's science
245 _cChris Knight.--
260 _bUniversity of Illinois Press
260 _c2018
300 _aPages 112-118, Spring 2018
440 _aJournal of Psychology
_v131(1)
650 _aAllure
650 _aChomsky's Science
650 _aPitfalls
650 _aRevolutionary politics
999 _c361755
_d361755